rozpoznaj państwo po podpowiedzi cz.2 - Statystyki

Ogólne statystyki
  • Ten quiz został rozwiązany 98 razy
    91 od ostatniego zresetowania
  • Średni wynik to 4 z 7
Statystyki odpowiedzi
Podpowiedz Państwo % Poprawnych
Największe państwo naświecie Rosja
99%
Tam były mistrzostwa świata piłkiNożnej w 2022 Katar
86%
Państwo z Nato w azji Turcja
76%
Miało największe imperium w historii Wielka Brytania
62%
Nie ma tam komarów Islandia
60%
Ma największy iloraz inteligencji Singapur
40%
państwo z najmniejszym ilorazem inteligencji Gwinea równikowa
12%
Nie znaleziono quizów pasujących do podanych kryteriów
Rozkład punktacji
Procent ludzi z każdym wynikiem
Percentyl według liczby udzielonych odpowiedzi
Twoja historia wyników
Nie rozwiązałeś tego quizu od ostatniego zresetowania